Estudio de los mecanismos de reacción del glicerol a hidroxiacetona sobre los catalizadores Cu/T iO2 y Cu/Al2O3 mediante el método de Teoría del Funcional Densidad.
Αποθηκεύτηκε σε:
| Κύριος συγγραφέας: | |
|---|---|
| Άλλοι συγγραφείς: | |
| Μορφή: | Βιβλίο |
| Γλώσσα: | Spanish |
| Έκδοση: |
San José,[Costa Rica]
2022
|
| Θέματα: | |
| Ετικέτες: |
Προσθήκη ετικέτας
Δεν υπάρχουν, Καταχωρήστε ετικέτα πρώτοι!
|
MARC
| LEADER | 00000nam a2200000Ia 4500 | ||
|---|---|---|---|
| 003 | 013599 | ||
| 005 | 20230414135227.0 | ||
| 008 | 140114s2022 cr a 000 ||spa d | ||
| 040 | |c cru CEDI | ||
| 100 | |a Arrieta Araya, Luis Alejandro, 1997- |9 444 | ||
| 245 | |a Estudio de los mecanismos de reacción del glicerol a hidroxiacetona sobre los catalizadores Cu/T iO2 y Cu/Al2O3 mediante el método de Teoría del Funcional Densidad. | ||
| 260 | |a San José,[Costa Rica] |c 2022 | ||
| 500 | |a Trabajo Final de graduación(licenciatura en ingeniería química)--Universidad de Costa Rica. Facultad de Ingeniería. Escuela de Ingeniería Química | ||
| 501 | |a Directora de Trabajo Final de Graduación: Dra. Bárbara Miranda Morales | ||
| 650 | |x ACETOL |x GLICERINA |x CATALIZADORES |x FUNCIONALES DE DENSIDAD | ||
| 700 | |9 10 |a Miranda Morales, Bárbara Cristina, 1983- |d Directora del TFG | ||
| 942 | |c CEDI |h TFG 8750 |6 TFG_8750_000000000000000 | ||
| 999 | |c 22102 |d 22102 | ||
